=LDR 00000nam 2200000 4500 =001 NUTBA000000000006283 =005 20141201082156.0 =006 =007 =008 =020 ##$$a 978-728-675-4 =035 ##$$0010-121400000000007 =040 ##$$a NBPDMAT =082 ##$$a 570.7 =090 ##$$a 570.7 $b Adn b =100 ##$$a Adnan =245 ##$$a Biologi untuk SMA dan MA kelas XI / $c oleh Adnan dan Ernawati Kaseng =260 ##$$a Jakarta : $b Widya Utama, $c 2006 =300 ##$$a 318 hlm. : $b ilus. ; $c 28 cm. =650 ##$$a Biologi SMA-Studi dan pengajaran =990 ##$$a 0001/BPAP-NTB/20142015